Az Airbnb helyzete a nagyvárosokban
| Main Author: | |
|---|---|
| Other Authors: | |
| Format: | Thesis |
| Kulcsszavak: | Airbnb lakáskiadás otthonmegosztás szálláshely-szolgáltatás turizmus |
| Online Access: | http://dolgozattar.uni-bge.hu/60242 |
MARC
| LEADER | 00000nta a2200000 i 4500 | ||
|---|---|---|---|
| 001 | dolg60242 | ||
| 005 | 20260409150202.0 | ||
| 008 | 260409suuuu hu om 000 hun d | ||
| 040 | |a BGE Dolgozattár Repozitórium |b hun | ||
| 041 | |a hu | ||
| 100 | 1 | |a Gimesi Petra | |
| 245 | 1 | 3 | |a Az Airbnb helyzete a nagyvárosokban |c Gimesi Petra |h [elektronikus dokumentum] |
| 520 | 3 | |a Az Airbnb az utóbbi években a globális turizmus egyik legmeghatározóbb szereplőjévé vált, különösen a nagyvárosokban, ahol a szálláshelyek iránti kereslet folyamatosan növekszik. Az online szállásmegosztó platform lehetőséget kínál a magántulajdonban lévő, kihasználatlan ingatlanok bérbeadására, ezáltal új alternatívát teremtve a hagyományos szálláshelyekkel szemben. A népszerűségéből adódóan számos pozitív hatása van, ugyanis elősegíti a gazdaság fellendülését és támogatja a helyi vállalkozások üzemeltetését és tovább fejlődését. Ugyanakkor a negatív hatásai problémákhoz is vezethetnek, ugyanis az ingatlanárak emelkedő tendenciája a lakhatási krízis súlyosbodásával jár, amely a helyi lakosok kiszorulásához vezethet. Szakdolgozatom célja az Airbnb gazdasági és társadalmi hatásainak feltárása a helyi szállodaiparra gyakorolt versenyképességi nyomásra, valamint a városi szabályozások alakulására. A kutatás során elemzem az Airbnb elterjedésének mozgatórugóit, mint például az Airbnb-t használó személyek motivációs tényezők, az alacsonyabb árak és kedvező lokációk, valamint a platform pozitív és negatív következményeit, úgymint a helyi gazdaság fellendítése vagy éppen az ingatlanpiaci nyomás növekedése. Az elemzések révén választ keresek arra, hogy az Airbnb milyen mértékben befolyásolja a városi turizmust, a szállodaipart, valamint milyen szabályozási megoldások születnek a fenntartható működés érdekében, hazai és nemzetközi viszonylatban egyaránt. | |
| 695 | |a Airbnb | ||
| 695 | |a lakáskiadás | ||
| 695 | |a otthonmegosztás | ||
| 695 | |a szálláshely-szolgáltatás | ||
| 695 | |a turizmus | ||
| 700 | 1 | |a Sipos Erika |e ths | |
| 856 | 4 | 0 | |u http://dolgozattar.uni-bge.hu/60242/1/Gimesi%20Petra%20-%20Az%20Airbnb%20helyzete%20a%20nagyv%C3%A1rosokban.pdf |z Dokumentum-elérés |
| 856 | 4 | 0 | |u http://dolgozattar.uni-bge.hu/60242/2/Gimesi%20Petra_opponens_Del%20Medico%20Anna.pdf |z Dokumentum-elérés |
| 856 | 4 | 0 | |u http://dolgozattar.uni-bge.hu/60242/3/Gimesi%20Petra%20konzulensi%20b%C3%ADr%C3%A1lata.pdf |z Dokumentum-elérés |